00553nam a2200169Ia 450000500170000000800410001702000180005808200130007610000220008924500590011126000440017030000180021450000350023294200060026795200950027399900150036820250123033819.0240331s9999 xx 000 0 und d a9780199063369 bDAWa920 aDawood, Attiya ,  0aImages in my mirror :b autobiography of a Sindhi Poet aNew YorkbOxford University Pressc2012 axii, 219 p ., aAutobiography of a Sindhi Poet cL 001040708LaWERCLbWERCLcSSCd2024-03-31l0o 920 DAWp6849r2024-03-31w2024-03-31yL c5851d5851